| 000 | 00735nam a2200181Ia 4500 | ||
|---|---|---|---|
| 008 | 090123s9999 xx 000 0 und d | ||
| 082 | _b38136 | ||
| 100 | _aखाडिलकर नीलकंठ यशवंत | ||
| 245 | _aहिदुत्व निलकंठी तत्वज्ञान | ||
| 250 | _a1 | ||
| 260 |
_bपरचुरे प्रकाशन _c2005 |
||
| 300 | _a123 | ||
| 600 | _aखाडिलकर नीलकंठ यशवंत | ||
| 630 | _aहिदुत्व निलकंठी तत्वज्ञान | ||
| 700 | _aखाडिलकर नीलकंठ यशवंत | ||
| 730 | _aहिदुत्व निलकंठी तत्वज्ञान | ||
| 942 | _cBOOK | ||
| 999 |
_c76126 _d76126 |
||